Länder mit den meisten Städten über 100k Einwohner in Europa - Statistiken

Allgemein
  • Dieses Quiz wurde 100 mal gespielt
  • Das Durchschnittsergebnis liegt bei 13 aus 15
Antwortstatistiken
Anzahl Antwort % Korrekt
168 Russland
100%
40 Frankreich
98%
65 Spanien
98%
80 Deutschland
97%
44 Italien
96%
37 Polen
96%
84 Vereinigtes Königreich
95%
44 Ukraine
93%
32 Niederlande
88%
18 Rumänien
85%
20 Schweden
84%
10 Belgien
83%
9 Finnland
63%
13 Belarus
62%
10 Serbien
61%
Keine übereinstimmenden Quizze gefunden
Verteilung der Resultate
Anzahl Personen mit jedem Resultat
Perzentil nach korrekt beantworteten Fragen
Ihre Resultats-Entwicklung
Sie haben dieses Quiz noch nicht gespielt